SISTEMAS Y CLASE EN LOS ESTUDIOS DE AMERICA LATINA/

Guardado en:
Detalles Bibliográficos
Autor principal: González Casanova, Pablo (autor)
Formato: Libro
Colección:SITUACIONES; 3
Temas:
Etiquetas: Agrega una etiqueta
Sin etiquetas, Sé el primero en etiquetar este registro!

MARC

LEADER 00000nam^a2200000^a^4500
001 000224398
005 20250521000000.0
009 20260310104048.337
035 |a 043114 
037 |a Acervo Xavier Clavigero 
082 |a 300. 72  |b GON 
100 |a González Casanova, Pablo  |e (autor) 
245 1 0 |a SISTEMAS Y CLASE EN LOS ESTUDIOS DE AMERICA LATINA/  |c PABLO GONZALEZ CASANOVA 
264 |a MEXICO :  |b UNIVERSIDAD AUTONOMA DE MEXICO,  |c 1978 
300 |a 28 p. 
336 |a texto  |b txt  |2 rdacontenido 
337 |a sin mediación  |b n  |2 rdamedio 
338 |a volumen  |b nc  |2 rdasoporte 
440 |a SITUACIONES;  |v 3 
649 |a XX 
650 |a Ciencias Sociales -  |x Investigación 
650 |a Ciencias Sociales -  |x Metodología 
910 |a Fondo General 
920 |a Impresos - Libros 
930 |a Colección General 
905 |a 101 
901 |a 043114  |b IT1  |c ACC  |i 043114  |u 20250521 
902 |a https://opac.biblio.iteso.mx/vufind/Record/000224398